Fostering sustainable behavior : an introduction to community - based social marketing
Αποθηκεύτηκε σε:
| Κύριος συγγραφέας: | |
|---|---|
| Άλλοι συγγραφείς: | |
| Μορφή: | Βιβλίο |
| Γλώσσα: | English |
| Δημοσίευση: |
Gabriola Island, B.C. :
New Society Publishers,
1999
|
| Σειρά: | Education of sustainability
|
| Θέματα: | |
| Ετικέτες: |
Προσθήκη ετικέτας
Δεν υπάρχουν, Καταχωρήστε ετικέτα πρώτοι!
|
MARC
| LEADER | 00000nam a2200000 i 4500 | ||
|---|---|---|---|
| 001 | 1/40168 | ||
| 008 | 030909s1999 eng d | ||
| 020 | |a 0-86571-406-1 | ||
| 035 | |l 10070758 | ||
| 040 | |a GR-MY-UA |b gre |e aacr | ||
| 041 | 0 | |a eng | |
| 082 | 0 | |a 363.7282071 | |
| 100 | 1 | |a McKenzie-Mohr, Doug |d 1959- | |
| 245 | 1 | 0 | |a Fostering sustainable behavior : |b an introduction to community - based social marketing / |c Doug Mckenzie Mohr and William Smith |
| 260 | |a Gabriola Island, B.C. : |b New Society Publishers, |c 1999 | ||
| 300 | |a xiii, 160 σ.; |b εικ.; |c 23 εκ. | ||
| 490 | 1 | |a Education of sustainability | |
| 504 | |a Περιέχει βιβλιογραφία | ||
| 650 | 0 | 0 | |a Environmental responsibility |x Citizen participation. |
| 650 | 0 | 0 | |a Environmental responsibility |z United States |x Citizen participation. |
| 700 | 1 | |a Smith, William A. |q (William Artur) | |
| 852 | |a INST |b LESVOS |e 20030909 |h 363.7282071 MCK |p 005100026578 |q 005100026578 |t BK |y 0 | ||
| 901 | |a BIBL1-2003-3 | ||
| 909 | |a Λ |b 106004 | ||
| 922 | |a 1ΕΛΗ |b 200308 |c ΕΠΕΑΕΚ2/ΤΠ |d ΜΙΧΑΛΟΠΟΥΛΟΣ | ||
| 950 | |a 107-2003-06-11 | ||
| 970 | |a ΚΑΡΑ |b ΓΙΑΣΕΜΗ |z 2003/09/18 | ||